000
00281nam a22001217a 4500
082
_a
746.44 NEE
100
_a
AURBY, LYLA
_9
76659
245
_a
NEEDLEWORK LADY CIRCLE
260
_a
NEW YORK
_b
LOPEZ PUBLICATION
_c
1980
300
_a
78P
650
_a
EMBROIDERY
_9
32735
942
_c
BK
999
_c
582008
_d
582008